MAASAI MARA UNIVERSITY

LIBRARY CATALOGUE

Contact Us: +254 020 2685356/7 or 0774 057787

Box: 861-20500, NAROK, KENYA

Email: info@mmarau.ac.ke

Crafting and Executing Strategy the quest for competitive advantage/ (Record no. 15848)

MARC details
000 -LEADER
fixed length control field 00626nam a22002057a 4500
003 - CONTROL NUMBER IDENTIFIER
control field OSt
005 - DATE AND TIME OF LATEST TRANSACTION
control field 20220615045526.0
008 - FIXED-LENGTH DATA ELEMENTS--GENERAL INFORMATION
fixed length control field 151113b xxu||||| |||| 00| 0 eng d
020 ## - INTERNATIONAL STANDARD BOOK NUMBER
International Standard Book Number 73530425
040 ## - CATALOGING SOURCE
Transcribing agency MMU
Modifying agency MMU
Language of cataloging eng
Original cataloging agency MMU
050 ## - LIBRARY OF CONGRESS CALL NUMBER
Classification number HD 30.28 .T53 2010
245 ## - TITLE STATEMENT
Title Crafting and Executing Strategy the quest for competitive advantage/
Statement of responsibility, etc. Arthur A. Thompson.
260 ## - PUBLICATION, DISTRIBUTION, ETC. (IMPRINT)
Place of publication, distribution, etc. Boston :
Name of publisher, distributor, etc. McGraw-Hill,
Date of publication, distribution, etc. 2010.
300 ## - PHYSICAL DESCRIPTION
Extent xlv, 478 p. :
500 ## - GENERAL NOTE
General note Includes index
650 ## - SUBJECT ADDED ENTRY--TOPICAL TERM
Topical term or geographic name as entry element _Strategic Planning
700 ## - ADDED ENTRY--PERSONAL NAME
Personal name _A. J. Strickland
942 ## - ADDED ENTRY ELEMENTS (KOHA)
Source of classification or shelving scheme Library of Congress Classification
Koha item type L
Edition 16th ed.
980 ## - EQUIVALENCE OR CROSS-REFERENCE-SERIES STATEMENT--PERSONAL NAME/TITLE [LOCAL, CANADA]
Personal name ^d20110705 02:30:15^okilerai
Holdings
Withdrawn status Lost status Source of classification or shelving scheme Damaged status Not for loan Home library Current library Date acquired Source of acquisition Total Checkouts Full call number Barcode Date last seen Price effective from Koha item type
    Library of Congress Classification     Maasai Mara University Library -Main Campus Maasai Mara University Library -Main Campus 11/13/2015 Donation   HD 30.28 .T53 2010 201413970 11/13/2015 11/13/2015 SL
    Library of Congress Classification     Maasai Mara University Library -Main Campus Maasai Mara University Library -Main Campus 07/21/2016 DONATION   HD 30.28 .T53 2008 201210380 07/21/2016 07/21/2016 L
    Library of Congress Classification     Maasai Mara University Library -Main Campus Maasai Mara University Library -Main Campus 07/22/2016 DONATION   HD 30.28 .T53 2008 201211051 07/22/2016 07/22/2016 L
    Library of Congress Classification     Maasai Mara University Library -Main Campus Maasai Mara University Library -Main Campus 07/22/2016 DONATION   HD 30.28 .T53 2008 201211050 07/22/2016 07/22/2016 L
    Library of Congress Classification     Maasai Mara University Library -Main Campus Maasai Mara University Library -Main Campus 07/25/2016 DONATION   HD 30.28 .T53 2008 201211052 07/25/2016 07/25/2016 L
© 2016 Maasai Mara University.